KTH:s sektioner - Statistics

General Stats
  • This quiz has been taken 10 times
  • The average score is 10 of 22
Answer Stats
Initialer Svar % Correct
I Sektionen för Industriell Ekonomi
90%
D Datasektionen
80%
F Fysiksektionen
80%
K Kemisektionen
80%
M Maskinsektionen
80%
E Elektrosektionen
70%
TBas Sektionen för Tekniskt Basår
70%
A Arkitektursektionen
60%
OPEN Sektionen för Öppen Ingång
60%
B Bergssektionen
50%
T Flygsektionen
40%
S Samhällsbyggnadssektionen
40%
MiT Sektionen för Medicinsk Teknik
40%
Fria Fria Sektionen
30%
Me Sektionen för Medieteknik
30%
Dr Doktorandsektionen
20%
IsB Ingenjörssektionen Bygg
20%
CL Sektionen för Civilingenjör och Lärare
20%
W Sektionen för Energi och Miljö
20%
IsF Ingenjörssektionen Flemingsberg
10%
TT Telge Teknologsektionen
10%
IN Sektionen för Informations- och Nanoteknik
0%
No matching quizzes found
Score Distribution
Percent of People with Each Score
Percentile by Number Answered
Your Score History
You have not taken this quiz